000 00489nam a22001937a 4500
003 OSt
005 20160518114845.0
008 160518b xxu||||| |||| 00| 0 eng d
010 _a9752369
020 _a0070013233
040 _cn/a
050 _aBF724
_b .S75 1999
100 _aSteinberg,Laurence D.
245 _aAdolescence
_cLaurence D.Steinberg,
250 _a5th ed
260 _aBoston,
_bMcGraw-Hill college
_cc1999
300 _axxii,519p
_bill,some col.
942 _2lcc
_cBK
999 _c253844
_d253843